000 00909nas a2200253 4500
001 BR0600177
003 BR-BrBNA
005 20231205105747.0
007 ta
008 230509b bl.|||p| |||| 00| 00por d
040 _aBR-BrBNA
_bpor
_cBiblioteca Nacional de Agricultura
041 _a(Pt)
072 _aL73; L53
100 1 _aSouza, F.F. de
100 1 _aMartins, M.I.M.
245 1 _aAfecções do aparelho reprodutor do cão e do gato; parte 1: alterações da bolsa escrotal, testículos, epidídimos, pênis e prepúcio no cão e no gato
650 _aCÃO
650 _aGATO
650 _aAPARELHO REPRODUTOR
650 _aDOENÇA ANIMAL
773 0 _tMEDVEP. Revista Científica de Medicina Veterinária. Pequenos Animais e Animais de Estimação (Brazil)
_xISSN 1678-1430
_g(Jan-Jun 2005), v. 3(9) p. 32-45
_wBR0600177
909 _a202311
_bLúcia
_c55
_dLúcia Elande
942 _2AGRIS
_n0
_cANA
999 _c184538
_d184538